|
|
|
|
| LEADER |
02709nam a22004935i 4500 |
| 001 |
978-3-319-55562-1 |
| 003 |
DE-He213 |
| 005 |
20170525162032.0 |
| 007 |
cr nn 008mamaa |
| 008 |
170525s2017 gw | s |||| 0|eng d |
| 020 |
|
|
|a 9783319555621
|9 978-3-319-55562-1
|
| 024 |
7 |
|
|a 10.1007/978-3-319-55562-1
|2 doi
|
| 040 |
|
|
|d GrThAP
|
| 050 |
|
4 |
|a QH201-278.5
|
| 072 |
|
7 |
|a PS
|2 bicssc
|
| 072 |
|
7 |
|a PDND
|2 bicssc
|
| 072 |
|
7 |
|a SCI086000
|2 bisacsh
|
| 072 |
|
7 |
|a SCI023000
|2 bisacsh
|
| 082 |
0 |
4 |
|a 570.282
|2 23
|
| 100 |
1 |
|
|a Borlinghaus, Rolf Theodor.
|e author.
|
| 245 |
1 |
4 |
|a The White Confocal
|h [electronic resource] :
|b Microscopic Optical Sectioning in all Colors /
|c by Rolf Theodor Borlinghaus.
|
| 264 |
|
1 |
|a Cham :
|b Springer International Publishing :
|b Imprint: Springer,
|c 2017.
|
| 300 |
|
|
|a XIII, 115 p. 73 illus. in color.
|b online resource.
|
| 336 |
|
|
|a text
|b txt
|2 rdacontent
|
| 337 |
|
|
|a computer
|b c
|2 rdamedia
|
| 338 |
|
|
|a online resource
|b cr
|2 rdacarrier
|
| 347 |
|
|
|a text file
|b PDF
|2 rda
|
| 505 |
0 |
|
|a Microscopy – Introduction -- Fluorescence -- Confocal Microscopy -- Light Sources -- Acousto Optical Excitation Filter -- White Beam Splitting -- Splitting of Emissions -- Emission Filtering -- Separation in the Time Domain.
|
| 520 |
|
|
|a This book offers a comprehensive introduction to confocal microscopy – with a particular focus on spectral confocal microscopy. Beginning with an introduction to optical lenses, it provides a guide to compound microscopes and explains related topics like microscopic resolution. It then presents an outline of fluorescence and its corresponding implications for microscopy. The following excursus on the confocal beam paths includes implementation of acousto-optical devices and modern sensor techniques. Complex relationships are explained in a comprehensible manner, supported by many graphical figures. Discussing the principles of magnifying optics and the technical fundamentals and modes of operation of modern laser scanning microscopes, it is a valuable resource for student and lab technicians as well as faculty members. .
|
| 650 |
|
0 |
|a Life sciences.
|
| 650 |
|
0 |
|a Cell biology.
|
| 650 |
|
0 |
|a Microscopy.
|
| 650 |
|
0 |
|a Spectroscopy.
|
| 650 |
1 |
4 |
|a Life Sciences.
|
| 650 |
2 |
4 |
|a Biological Microscopy.
|
| 650 |
2 |
4 |
|a Cell Biology.
|
| 650 |
2 |
4 |
|a Spectroscopy and Microscopy.
|
| 650 |
2 |
4 |
|a Optics, Lasers, Photonics, Optical Devices.
|
| 710 |
2 |
|
|a SpringerLink (Online service)
|
| 773 |
0 |
|
|t Springer eBooks
|
| 776 |
0 |
8 |
|i Printed edition:
|z 9783319555614
|
| 856 |
4 |
0 |
|u http://dx.doi.org/10.1007/978-3-319-55562-1
|z Full Text via HEAL-Link
|
| 912 |
|
|
|a ZDB-2-SBL
|
| 950 |
|
|
|a Biomedical and Life Sciences (Springer-11642)
|